[Event "5. Aberto Vila de Marín"]
[Site "Marin ESP"]
[Date "2005.08.24"]
[Round "4.1"]
[White "Iotov, Valentin"]
[Black "Astaneh Lopez, Alex"]
[Result "1-0"]
[WhiteElo "2447"]
[BlackElo "2304"]
[PlyCount "101"]
[EventDate "2005.08.21"]
[EventType "swiss"]
[EventRounds "9"]
[EventCountry "ESP"]
[Source "lmi"]
[SourceDate "2005.08.30"]

1. d4 Nf6 2. c4 g6 3. Nc3 d5 4. Nf3 Bg7 5. Qb3 dxc4 6. Qxc4 O-O 7. e4 Na6 8.
Be2 c5 9. d5 e6 10. O-O exd5 11. exd5 Re8 12. Be3 Bf5 13. Rfd1 Ne4 14. Nxe4
Rxe4 15. Qc1 Qb6 16. Rd2 Rxe3 17. fxe3 Bh6 18. Rd1 Re8 19. Qc4 Nb4 20. d6 Rd8
21. e4 Be6 22. Qc3 Rxd6 23. Rxd6 Qxd6 24. Rd1 Qe7 25. Bc4 Bg7 26. e5 Bxc4 27.
Qxc4 Nc6 28. Qd5 Nxe5 29. Qd8+ Qf8 30. Qxf8+ Kxf8 31. Rd8+ Ke7 32. Rb8 Nxf3+
33. gxf3 b6 34. Rb7+ Ke6 35. b3 Bd4+ 36. Kf1 h5 37. a4 a5 38. Rxb6+ Kd5 39. Ke2
Bg1 40. h3 Kd4 41. Rb5 Kc3 42. Rxa5 Kxb3 43. Ra8 c4 44. a5 Kb4 45. a6 Kb5 46.
Kd2 Bb6 47. a7 Ka6 48. Kc3 Bxa7 49. Kxc4 Kb7 50. Rf8 f5 51. Rf7+ 1-0

[Event "5. Aberto Vila de Marín"]
[Site "Marin ESP"]
[Date "2005.08.24"]
[Round "4.3"]
[White "Rodriguez Lopez, Rafael"]
[Black "Hernandez, Holden"]
[Result "0-1"]
[WhiteElo "2230"]
[BlackElo "2458"]
[PlyCount "82"]
[EventDate "2005.08.21"]
[EventType "swiss"]
[EventRounds "9"]
[EventCountry "ESP"]
[Source "lmi"]
[SourceDate "2005.08.30"]

1. b3 d5 2. Nf3 Bg4 3. e3 c6 4. Bb2 Nd7 5. h3 Bh5 6. c4 e6 7. cxd5 exd5 8. Be2
Bg6 9. O-O Ngf6 10. d3 Bd6 11. Nbd2 O-O 12. Nh4 Qe7 13. Nxg6 hxg6 14. Nf3 a5
15. a3 Rfe8 16. Qc2 Bc7 17. Rfc1 Qd6 18. Bf1 g5 19. Bxf6 Qxf6 20. d4 Bd6 21.
Qb2 Qe7 22. Ne1 Nf6 23. Nd3 g4 24. hxg4 Nxg4 25. g3 Qg5 26. Re1 Qh5 27. Bg2
Qh2+ 28. Kf1 Bxg3 29. Qe2 Bxf2 30. Nxf2 Nxe3+ 31. Qxe3 Rxe3 32. Rxe3 Qf4 33.
Rd3 Re8 34. b4 Re3 35. Rad1 Rxd3 36. Rxd3 Qc1+ 37. Rd1 Qxa3 38. b5 Qb3 39. bxc6
bxc6 40. Bh3 a4 41. Bf5 a3 0-1

[Event "5. Aberto Vila de Marín"]
[Site "Marin ESP"]
[Date "2005.08.24"]
[Round "4.4"]
[White "Dimitrov, Vladimir"]
[Black "Sanchez Aller, Fernando"]
[Result "1-0"]
[WhiteElo "2418"]
[BlackElo "2261"]
[PlyCount "84"]
[EventDate "2005.08.21"]
[EventType "swiss"]
[EventRounds "9"]
[EventCountry "ESP"]
[Source "lmi"]
[SourceDate "2005.08.30"]

1. c4 Nf6 2. g3 g6 3. Bg2 Bg7 4. Nc3 O-O 5. d3 c6 6. e4 e5 7. Nge2 a6 8. O-O b5
9. h3 b4 10. Na4 d5 11. Bg5 dxc4 12. dxc4 Be6 13. Qb3 Qe7 14. Be3 Nfd7 15. f4
Bh6 16. Kh2 Kh8 17. Rad1 a5 18. Bg1 f6 19. f5 Bg8 20. Qd3 c5 21. h4 Ra7 22.
fxg6 hxg6 23. Bh3 Rf7 24. Qf3 Rh7 25. b3 Bf8 26. Qg4 Qe8 27. Be3 Nc6 28. Rxd7
Raxd7 29. Rxf6 Nd4 30. Bg5 Rdf7 31. Nxd4 exd4 32. Qf4 Rhg7 33. e5 Be7 34. Bg4
d3 35. Nb6 Rf8 36. Nd5 Bxd5 37. cxd5 Rgf7 38. Be6 Rxf6 39. Bxf6+ Kh7 40. h5 d2
41. hxg6+ Qxg6 42. Qh4+ Qh6 1-0

[Event "5. Aberto Vila de Marín"]
[Site "Marin ESP"]
[Date "2005.08.24"]
[Round "4.5"]
[White "Diaz Nuñez, Adolfo"]
[Black "Garcia Castro, Pablo"]
[Result "1/2-1/2"]
[WhiteElo "2205"]
[BlackElo "2377"]
[PlyCount "79"]
[EventDate "2005.08.21"]
[EventType "swiss"]
[EventRounds "9"]
[EventCountry "ESP"]
[Source "lmi"]
[SourceDate "2005.08.30"]

1. Nf3 d6 2. d4 g6 3. c4 Bg7 4. Nc3 Bg4 5. e3 c5 6. Be2 Nc6 7. O-O cxd4 8. exd4
Nh6 9. d5 Bxf3 10. Bxf3 Ne5 11. Bd2 O-O 12. Be2 Nf5 13. Re1 Rc8 14. b3 e6 15.
Bf1 a6 16. Rc1 Re8 17. Ne4 exd5 18. Bg5 Qa5 19. Qxd5 Qxd5 20. cxd5 Rxc1 21.
Rxc1 Ng4 22. h3 Rxe4 23. hxg4 Rxg4 24. Rc8+ Bf8 25. Bf6 Re4 26. f3 Re3 27. Kf2
h5 28. g3 Ne7 29. Rb8 Nxd5 30. Bc4 Re8 31. Rxb7 Ne7 32. Bxa6 Ra8 33. Bxe7 Bxe7
34. Be2 Kf8 35. a4 d5 36. Rb5 d4 37. Bc4 h4 38. gxh4 Bxh4+ 39. Kg2 Rd8 40. Rd5
1/2-1/2

[Event "5. Aberto Vila de Marín"]
[Site "Marin ESP"]
[Date "2005.08.24"]
[Round "4.7"]
[White "Manolache, Marius"]
[Black "Carril Gonzalez, Angel"]
[Result "1-0"]
[WhiteElo "2462"]
[BlackElo "2110"]
[PlyCount "85"]
[EventDate "2005.08.21"]
[EventType "swiss"]
[EventRounds "9"]
[EventCountry "ESP"]
[Source "lmi"]
[SourceDate "2005.08.30"]

1. d4 f5 2. Bg5 g6 3. Nf3 Bg7 4. c3 Nf6 5. Qb3 d6 6. Nbd2 c6 7. a4 Qb6 8. Qa2
Ne4 9. Nxe4 fxe4 10. Nd2 d5 11. g3 Bg4 12. h3 Bf5 13. Bg2 h6 14. Be3 g5 15. g4
Bg6 16. h4 gxh4 17. Rxh4 Nd7 18. O-O-O O-O-O 19. Rdh1 Rdg8 20. Bxh6 Bxh6 21.
Rxh6 Rxh6 22. Rxh6 e5 23. e3 Qd8 24. Qb3 Qg5 25. Rh2 Nf6 26. Qb4 exd4 27. cxd4
Nxg4 28. Bh3 Kc7 29. Rg2 Bf5 30. Kb1 Qh4 31. Rg3 Be6 32. Qa5+ Kb8 33. Qc5 Qd8
34. Bxg4 Bxg4 35. Ka2 Qf6 36. a5 Qxf2 37. Qd6+ Kc8 38. Nb3 Rd8 39. Qe5 Qf5 40.
Qg7 Be2 41. Nc5 Rd7 42. Nxd7 Qxd7 43. Qh8+ 1-0

[Event "5. Aberto Vila de Marín"]
[Site "Marin ESP"]
[Date "2005.08.24"]
[Round "4.8"]
[White "Vega Gomez, Francisco Borja"]
[Black "Nanu, Ciprian"]
[Result "0-1"]
[WhiteElo "1983"]
[BlackElo "2434"]
[PlyCount "96"]
[EventDate "2005.08.21"]
[EventType "swiss"]
[EventRounds "9"]
[EventCountry "ESP"]
[Source "lmi"]
[SourceDate "2005.08.30"]

1. e4 c5 2. Nf3 Nf6 3. Nc3 Nc6 4. d4 cxd4 5. Nxd4 e5 6. Ndb5 d6 7. Bg5 a6 8.
Na3 b5 9. Bxf6 gxf6 10. Nd5 f5 11. Bd3 Be6 12. O-O Bg7 13. Qh5 f4 14. c4 b4 15.
Nc2 a5 16. b3 O-O 17. Rac1 h6 18. Kh1 Ra7 19. g4 Qg5 20. Qxg5 hxg5 21. h3 Rb8
22. Rb1 Bf8 23. Kg2 Be7 24. Ne1 Bd8 25. Nf3 a4 26. Rb2 axb3 27. axb3 f6 28. Rc1
Ra5 29. c5 Rxc5 30. Rxc5 dxc5 31. Rc2 Na5 32. Rxc5 Nxb3 33. Rc6 Kf7 34. Ra6 Nc5
35. Ra7+ Kf8 36. Bb1 b3 37. Nd2 b2 38. f3 Nd7 39. Ra2 Bc7 40. Nc4 Bxd5 41. exd5
Nb6 42. d6 Nxc4 43. dxc7 Rc8 44. Ra7 Ke7 45. Rb7 Kd6 46. Bd3 Rxc7 47. Rb3 Ne3+
48. Kf2 Rc3 0-1

[Event "5. Aberto Vila de Marín"]
[Site "Marin ESP"]
[Date "2005.08.24"]
[Round "4.9"]
[White "Parente Mojon, Juan Carlos"]
[Black "Sanchez Juncal, Benito"]
[Result "1/2-1/2"]
[WhiteElo "1973"]
[BlackElo "2221"]
[PlyCount "68"]
[EventDate "2005.08.21"]
[EventType "swiss"]
[EventRounds "9"]
[EventCountry "ESP"]
[Source "lmi"]
[SourceDate "2005.08.30"]

1. Nf3 d5 2. d4 c5 3. e3 Nc6 4. c4 cxd4 5. Nxd4 e6 6. Nc3 Nf6 7. cxd5 exd5 8.
Bd3 Bc5 9. Nde2 O-O 10. O-O Bd6 11. h3 Re8 12. Qa4 a6 13. a3 Qe7 14. Rd1 Qe5
15. Ng3 b5 16. Qh4 g5 17. Qh6 Bf8 18. f4 Bxh6 19. fxe5 Rxe5 20. e4 d4 21. Nd5
Bg7 22. Rf1 Nd7 23. b4 Bb7 24. Nf5 h6 25. Bb2 Rae8 26. Nd6 Nd8 27. Nxe8 Rxe8
28. Rad1 Ne6 29. Rf5 Be5 30. Rxe5 Nxe5 31. Nf6+ Kf8 32. Nxe8 Kxe8 33. a4 Nxd3
34. Rxd3 Nf4 1/2-1/2

[Event "5. Aberto Vila de Marín"]
[Site "Marin ESP"]
[Date "2005.08.24"]
[Round "4.10"]
[White "De la Fuente Arias, Fernando"]
[Black "Abelleira Gonzalez, Daniel"]
[Result "1-0"]
[WhiteElo "2185"]
[BlackElo "1980"]
[PlyCount "88"]
[EventDate "2005.08.21"]
[EventType "swiss"]
[EventRounds "9"]
[EventCountry "ESP"]
[Source "lmi"]
[SourceDate "2005.08.30"]

1. e4 c5 2. Nf3 Nc6 3. Bb5 Qb6 4. Nc3 e6 5. O-O Nge7 6. Re1 a6 7. Bf1 Nd4 8.
Nxd4 cxd4 9. Ne2 Nc6 10. d3 e5 11. f4 d6 12. g3 Bg4 13. h3 Bf3 14. Bg2 Bxe2 15.
Qxe2 Qc5 16. a3 Rc8 17. Rf1 Ne7 18. Rf2 a5 19. fxe5 dxe5 20. h4 Rc6 21. Bh3 h5
22. Qf1 f6 23. a4 Rb6 24. Kh2 Qc7 25. Rb1 Nc6 26. Be6 Qe7 27. Bc4 Qd7 28. Bd2
Bb4 29. c3 Bc5 30. b4 dxc3 31. bxc5 Rxb1 32. Qxb1 cxd2 33. Rxd2 Ke7 34. Bb5 Qc7
35. Bxc6 Qxc6 36. Rb2 Rb8 37. Rb5 Qc7 38. Qb3 g6 39. Rb6 Qd7 40. Qd1 Qd4 41.
Qf3 Rf8 42. Rxb7+ Ke6 43. Qg2 Qxa4 44. Qb2 Qc6 1-0

[Event "5. Aberto Vila de Marín"]
[Site "Marin ESP"]
[Date "2005.08.25"]
[Round "5.3"]
[White "Nanu, Ciprian"]
[Black "Danilov, Vladimir"]
[Result "1/2-1/2"]
[WhiteElo "2434"]
[BlackElo "2363"]
[PlyCount "25"]
[EventDate "2005.08.21"]
[EventType "swiss"]
[EventRounds "9"]
[EventCountry "ESP"]
[Source "lmi"]
[SourceDate "2005.08.30"]

1. e4 e5 2. Nf3 Nc6 3. Bc4 Nf6 4. d3 Be7 5. O-O d6 6. h3 O-O 7. a3 h6 8. Re1
Nh7 9. Nbd2 Ng5 10. Nf1 Nxf3+ 11. Qxf3 Bg5 12. Bxg5 Qxg5 13. Qg3 1/2-1/2

[Event "5. Aberto Vila de Marín"]
[Site "Marin ESP"]
[Date "2005.08.25"]
[Round "5.4"]
[White "Garcia Carbo, Marcial"]
[Black "Manolache, Marius"]
[Result "0-1"]
[WhiteElo "2355"]
[BlackElo "2462"]
[PlyCount "58"]
[EventDate "2005.08.21"]
[EventType "swiss"]
[EventRounds "9"]
[EventCountry "ESP"]
[Source "lmi"]
[SourceDate "2005.08.30"]

1. e4 c5 2. Nf3 e6 3. d4 cxd4 4. Nxd4 a6 5. Bd3 d6 6. O-O Nf6 7. Kh1 Nbd7 8.
Bg5 Qb6 9. c3 h6 10. Be3 Qc7 11. f4 e5 12. Nf5 g6 13. Ng3 h5 14. Nd2 h4 15. Ne2
h3 16. g3 Nc5 17. fxe5 Nxd3 18. exf6 Bg4 19. Nf3 Qc4 20. Ned4 Nxb2 21. Qb1 Na4
22. Qxb7 Qc8 23. Qb3 Nc5 24. Qd5 Rh5 25. Ng5 Qb7 26. Rae1 Bh6 27. Nc6 Bxg5 28.
Bxg5 Rxg5 29. Qxg5 Qb2 0-1

[Event "5. Aberto Vila de Marín"]
[Site "Marin ESP"]
[Date "2005.08.25"]
[Round "5.5"]
[White "Garcia Castro, Pablo"]
[Black "De la Fuente Arias, Fernando"]
[Result "1/2-1/2"]
[WhiteElo "2377"]
[BlackElo "2185"]
[PlyCount "155"]
[EventDate "2005.08.21"]
[EventType "swiss"]
[EventRounds "9"]
[EventCountry "ESP"]
[Source "lmi"]
[SourceDate "2005.08.30"]

1. e4 c5 2. Nf3 d6 3. g3 Nc6 4. Bg2 Nf6 5. d3 g6 6. O-O Bg7 7. Re1 O-O 8. c3 e5
9. a3 Qc7 10. b4 Re8 11. Bb2 Rb8 12. Nbd2 Bd7 13. Nf1 b5 14. Ne3 h6 15. Nh4 Qd8
16. Qd2 Kh7 17. Rab1 a6 18. Rf1 Rc8 19. Rfe1 Be6 20. Nd5 cxb4 21. Nxb4 Nb8 22.
a4 bxa4 23. c4 a5 24. Nd5 Bxd5 25. cxd5 Nbd7 26. Bc3 Ra8 27. d4 exd4 28. Bxd4
Rc8 29. f4 Nc5 30. e5 Nfd7 31. e6 Nb3 32. Rxb3 Bxd4+ 33. Qxd4 axb3 34. Be4 Qb6
35. Qxb6 Nxb6 36. f5 fxe6 37. fxe6 Rg8 38. Rf1 Rc7 39. Nxg6 Rxg6 40. Rf6 Nxd5
41. Rxg6 Nc3 42. Bd3 Re7 43. Rg4+ Kh8 44. Rc4 Nd1 45. Rc8+ Kg7 46. Bc4 a4 47.
Ra8 Nb2 48. Bd5 Kf6 49. Kg2 Ke5 50. Ra5 Kd4 51. Kf3 Nc4 52. Bxc4 Kxc4 53. Rxa4+
Kc3 54. Ra6 Rxe6 55. Rc6+ Kd3 56. g4 b2 57. Rb6 Kc2 58. Rc6+ Kd1 59. Rb6 Kc1
60. Rc6+ Kd1 61. Rb6 Re2 62. Rxd6+ Rd2 63. Rb6 Rxh2 64. Rd6+ Kc1 65. Rc6+ Kd2
66. Rd6+ Kc1 67. Rc6+ Kd1 68. Rd6+ Rd2 69. Rxh6 b1=Q 70. Rh1+ Kc2 71. Rxb1 Kxb1
72. g5 Kc2 73. Ke4 Rg2 74. Kf5 Kd3 75. g6 Kd4 76. Kf6 Kd5 77. g7 Kd6 78. Kf7
1/2-1/2

[Event "5. Aberto Vila de Marín"]
[Site "Marin ESP"]
[Date "2005.08.25"]
[Round "5.6"]
[White "Astaneh Lopez, Alex"]
[Black "Diaz Nuñez, Adolfo"]
[Result "1/2-1/2"]
[WhiteElo "2304"]
[BlackElo "2205"]
[PlyCount "127"]
[EventDate "2005.08.21"]
[EventType "swiss"]
[EventRounds "9"]
[EventCountry "ESP"]
[Source "lmi"]
[SourceDate "2005.08.30"]

1. e4 c6 2. d4 d5 3. Nd2 dxe4 4. Nxe4 Bf5 5. Ng3 Bg6 6. h4 h6 7. h5 Bh7 8. Nf3
Nd7 9. Bd3 Bxd3 10. Qxd3 e6 11. Bf4 Qa5+ 12. Bd2 Bb4 13. c3 Be7 14. Ne4 Ngf6
15. Nxf6+ gxf6 16. c4 Bb4 17. Bc3 O-O-O 18. a3 Ne5 19. Nxe5 Bxc3+ 20. Qxc3
Qxc3+ 21. bxc3 fxe5 22. dxe5 Rhg8 23. Rd1 Rxd1+ 24. Kxd1 Rxg2 25. Ke2 Rg4 26.
f3 Rg5 27. f4 Rg3 28. Rf1 Rxc3 29. Rg1 Rxc4 30. Rg8+ Kd7 31. Kf3 Rc3+ 32. Kg2
Ke7 33. Rh8 Rxa3 34. Rxh6 Kf8 35. Rf6 Rd3 36. f5 exf5 37. e6 Ke7 38. Rxf7+ Kxe6
39. Rxb7 Rd8 40. h6 Rh8 41. h7 a5 42. Ra7 a4 43. Kf3 a3 44. Kf4 a2 45. Rxa2
Rxh7 46. Re2+ Kd5 47. Rd2+ Ke6 48. Re2+ Kf6 49. Rc2 Rc7 50. Rc5 Ke6 51. Rxf5
Rh7 52. Ra5 Rd7 53. Ke4 Rd1 54. Ke3 Kd6 55. Ke2 Rd4 56. Ke3 c5 57. Ra8 Kc6 58.
Rb8 Rd7 59. Rb2 c4 60. Rd2 Rh7 61. Kd4 Rh4+ 62. Kc3 Kc5 63. Rd8 Rh3+ 64. Kc2
1/2-1/2

[Event "5. Aberto Vila de Marín"]
[Site "Marin ESP"]
[Date "2005.08.25"]
[Round "5.9"]
[White "Sanchez Aller, Fernando"]
[Black "Parente Mojon, Juan Carlos"]
[Result "1-0"]
[WhiteElo "2261"]
[BlackElo "1973"]
[PlyCount "40"]
[EventDate "2005.08.21"]
[EventType "swiss"]
[EventRounds "9"]
[EventCountry "ESP"]
[Source "lmi"]
[SourceDate "2005.08.30"]

1. e4 g6 2. d4 Bg7 3. Nf3 c6 4. Nc3 d6 5. Bf4 Nd7 6. Qd2 b5 7. Bd3 e5 8. dxe5
dxe5 9. Bg5 Ngf6 10. O-O-O O-O 11. Bh6 Qa5 12. Kb1 Re8 13. h4 Bxh6 14. Qxh6 Ng4
15. Qd2 b4 16. Ne2 Nxf2 17. h5 Nxd1 18. hxg6 Nc3+ 19. Nxc3 bxc3 20. Qh6 fxg6
1-0

[Event "5. Aberto Vila de Marín"]
[Site "Marin ESP"]
[Date "2005.08.25"]
[Round "5.10"]
[White "Huerga Leache, Mikel"]
[Black "Rodriguez Lopez, Rafael"]
[Result "1-0"]
[WhiteElo "2176"]
[BlackElo "2230"]
[PlyCount "79"]
[EventDate "2005.08.21"]
[EventType "swiss"]
[EventRounds "9"]
[EventCountry "ESP"]
[Source "lmi"]
[SourceDate "2005.08.30"]

1. e4 c5 2. Nf3 Nc6 3. d4 cxd4 4. Nxd4 Qb6 5. Nb3 Nf6 6. Nc3 e6 7. a3 a6 8. Bf4
Ne7 9. Be3 Qc7 10. Bc5 b6 11. Bd6 Qc6 12. Qd3 Bb7 13. f3 Ng6 14. Bxf8 Kxf8 15.
O-O-O Ke7 16. g3 Rhd8 17. Qe3 Qc7 18. Na4 Rac8 19. Bd3 b5 20. Nac5 d6 21. Nxb7
Qxb7 22. f4 e5 23. h3 Nf8 24. f5 N8d7 25. g4 d5 26. exd5 Nxd5 27. Qf3 N7b6 28.
g5 Qc7 29. Kb1 Nf4 30. f6+ gxf6 31. gxf6+ Kxf6 32. Bxh7 Rxd1+ 33. Rxd1 Rd8 34.
Re1 Nc4 35. Qg4 Qd6 36. Qh4+ Ke6 37. Qxf4 Qd1+ 38. Rxd1 Rxd1+ 39. Qc1 Rxc1+ 40.
Kxc1 1-0

[Event "5. Aberto Vila de Marín"]
[Site "Marin ESP"]
[Date "2005.08.26"]
[Round "6.1"]
[White "Hernandez, Holden"]
[Black "Petkov, Vladimir"]
[Result "1-0"]
[WhiteElo "2458"]
[BlackElo "2475"]
[PlyCount "53"]
[EventDate "2005.08.21"]
[EventType "swiss"]
[EventRounds "9"]
[EventCountry "ESP"]
[Source "lmi"]
[SourceDate "2005.08.30"]

1. e4 c5 2. Nf3 d6 3. d4 cxd4 4. Nxd4 Nf6 5. Nc3 a6 6. f4 Nbd7 7. Nf3 Qc7 8. a4
g6 9. Bd3 Bg7 10. Qe2 O-O 11. O-O Nc5 12. Bd2 Bg4 13. Kh1 e5 14. Qf2 d5 15.
Nxe5 dxe4 16. Bc4 Be6 17. Bxe6 Nxe6 18. Be3 Rac8 19. a5 Rfe8 20. Ra4 Nh5 21.
Rc4 Qe7 22. Nd5 Qd8 23. Rxc8 Qxc8 24. g4 Nhxf4 25. Bxf4 Nxf4 26. Qxf4 Rxe5 27.
Qxe5 1-0

[Event "5. Aberto Vila de Marín"]
[Site "Marin ESP"]
[Date "2005.08.26"]
[Round "6.2"]
[White "Manolache, Marius"]
[Black "Danilov, Vladimir"]
[Result "1/2-1/2"]
[WhiteElo "2462"]
[BlackElo "2363"]
[PlyCount "22"]
[EventDate "2005.08.21"]
[EventType "swiss"]
[EventRounds "9"]
[EventCountry "ESP"]
[Source "lmi"]
[SourceDate "2005.08.30"]

1. Nf3 c5 2. c4 Nc6 3. g3 g6 4. Bg2 Bg7 5. Nc3 Nf6 6. a3 O-O 7. O-O b6 8. Ne1
Bb7 9. b4 d6 10. Nc2 Qd7 11. Bb2 Ne5 1/2-1/2

[Event "5. Aberto Vila de Marín"]
[Site "Marin ESP"]
[Date "2005.08.26"]
[Round "6.3"]
[White "Iotov, Valentin"]
[Black "Sanchez Aller, Fernando"]
[Result "1/2-1/2"]
[WhiteElo "2447"]
[BlackElo "2261"]
[PlyCount "135"]
[EventDate "2005.08.21"]
[EventType "swiss"]
[EventRounds "9"]
[EventCountry "ESP"]
[Source "lmi"]
[SourceDate "2005.08.30"]

1. d4 Nf6 2. c4 e6 3. Nc3 Bb4 4. e3 O-O 5. Bd3 d5 6. Nf3 c5 7. O-O Nc6 8. a3
Bxc3 9. bxc3 dxc4 10. Bxc4 Qc7 11. Bb2 e5 12. h3 Bf5 13. Qe2 Rad8 14. Bb5 e4
15. Nd2 Bg6 16. Nb3 Rd5 17. Bxc6 bxc6 18. Nxc5 Rg5 19. f4 exf3 20. Qxf3 Rg3 21.
Qf4 Qxf4 22. exf4 h5 23. f5 Bh7 24. c4 Rb8 25. Rab1 Rg5 26. d5 Ne8 27. Bd4 Rc8
28. Rbe1 Rxf5 29. dxc6 Nd6 30. Rxf5 Bxf5 31. Re7 Rxc6 32. Rxa7 Nxc4 33. a4 Rd6
34. Bf2 Rd1+ 35. Kh2 Nd2 36. Kg3 g5 37. Be3 Nf1+ 38. Kf2 g4 39. hxg4 hxg4 40.
Bf4 Rd5 41. Rc7 Nd2 42. Bxd2 Rxd2+ 43. Kg3 Rc2 44. Kf4 Bd7 45. a5 Bb5 46. g3
Ra2 47. Ra7 Be2 48. Ne4 Ra4 49. Ke5 Ra3 50. Kf6 Rf3+ 51. Kg5 Kg7 52. Kxg4 Re3+
53. Kf4 Rf3+ 54. Ke5 Bd3 55. g4 Re3 56. Kd4 Rxe4+ 57. Kxd3 Rxg4 58. Kc3 Ra4 59.
Kb3 Ra1 60. Kb4 Kg6 61. Rc7 f5 62. Rc4 Kg5 63. Kb5 f4 64. Rc8 f3 65. Rf8 Kg4
66. a6 Kg3 67. Kb6 f2 68. Rxf2 1/2-1/2

[Event "5. Aberto Vila de Marín"]
[Site "Marin ESP"]
[Date "2005.08.26"]
[Round "6.4"]
[White "Sande Edreira, Jose"]
[Black "Nanu, Ciprian"]
[Result "0-1"]
[WhiteElo "2264"]
[BlackElo "2434"]
[PlyCount "82"]
[EventDate "2005.08.21"]
[EventType "swiss"]
[EventRounds "9"]
[EventCountry "ESP"]
[Source "lmi"]
[SourceDate "2005.08.30"]

1. e4 c6 2. d4 d5 3. e5 Bf5 4. Nf3 e6 5. Be2 Be7 6. O-O h5 7. c4 Nh6 8. cxd5
cxd5 9. Qb3 Qd7 10. Nc3 Nc6 11. Be3 Bg4 12. Rac1 Nf5 13. Rfd1 h4 14. Na4 h3 15.
g3 Rc8 16. Nc5 Bxc5 17. Rxc5 O-O 18. Qa3 Rc7 19. Kf1 Rfc8 20. Ng1 Bxe2+ 21.
Nxe2 b6 22. Rcc1 Na5 23. Rxc7 Rxc7 24. Qd3 Qa4 25. Nc3 Nxe3+ 26. fxe3 Qb4 27.
Nb5 Nc4 28. Nxc7 Nxb2 29. Qb5 Qxb5+ 30. Nxb5 Nxd1 31. Ke2 Nb2 32. Nxa7 Kf8 33.
Kf3 Nc4 34. Nc8 f6 35. exf6 gxf6 36. e4 Nd2+ 37. Kf4 dxe4 38. Nxb6 Nf1 39. Kxe4
Nxh2 40. a4 Nf1 41. Kf3 Ne3 0-1

[Event "5. Aberto Vila de Marín"]
[Site "Marin ESP"]
[Date "2005.08.26"]
[Round "6.7"]
[White "De la Fuente Arias, Fernando"]
[Black "Astaneh Lopez, Alex"]
[Result "0-1"]
[WhiteElo "2185"]
[BlackElo "2304"]
[PlyCount "64"]
[EventDate "2005.08.21"]
[EventType "swiss"]
[EventRounds "9"]
[EventCountry "ESP"]
[Source "lmi"]
[SourceDate "2005.08.30"]

1. e4 c5 2. Nf3 d6 3. Bb5+ Nd7 4. d4 Ngf6 5. Nc3 cxd4 6. Qxd4 e5 7. Qd3 h6 8.
Be3 Be7 9. O-O O-O 10. Rfd1 a6 11. Bc4 Qc7 12. a4 Nc5 13. Bxc5 Qxc5 14. Nd5
Nxd5 15. Qxd5 Qc7 16. Qd3 Kh8 17. Bd5 f5 18. Ra3 fxe4 19. Qxe4 Bf5 20. Qe2 Rab8
21. c4 Bg4 22. h3 Bh5 23. Rc3 b6 24. Qd2 Rf4 25. Re1 Rbf8 26. Ree3 Qd7 27. Be4
Qxa4 28. Qd5 Qa1+ 29. Kh2 Qxb2 30. Qe6 Rxe4 31. Qxe7 Ref4 32. Qxd6 Bxf3 0-1

[Event "5. Aberto Vila de Marín"]
[Site "Marin ESP"]
[Date "2005.08.26"]
[Round "6.8"]
[White "Diaz Nuñez, Adolfo"]
[Black "Perez Fungueiro, Manuel"]
[Result "1/2-1/2"]
[WhiteElo "2205"]
[BlackElo "2300"]
[PlyCount "81"]
[EventDate "2005.08.21"]
[EventType "swiss"]
[EventRounds "9"]
[EventCountry "ESP"]
[Source "lmi"]
[SourceDate "2005.08.30"]

1. Nf3 c5 2. c4 Nf6 3. Nc3 Nc6 4. g3 d5 5. d4 cxd4 6. Nxd4 dxc4 7. Nxc6 Qxd1+
8. Nxd1 bxc6 9. Bg2 Nd5 10. Ne3 e6 11. Nxc4 Ba6 12. Na5 Bb4+ 13. Bd2 Bxd2+ 14.
Kxd2 O-O-O 15. Nxc6 Nf4+ 16. Nxd8 Rxd8+ 17. Kc2 Nxg2 18. Rhg1 Bb7 19. Rad1 h5
20. Rxd8+ Kxd8 21. Kd2 h4 22. h3 hxg3 23. fxg3 f5 24. e3 e5 25. Ke2 f4 26. exf4
exf4 27. Kf2 fxg3+ 28. Kxg3 Ne3 29. Kf4 Ng2+ 30. Kg5 Ke7 31. h4 Kd6 32. h5 Ke5
33. Rc1 Nf4 34. Rc5+ Kd6 35. Rb5 Ne6+ 36. Kg6 Bc6 37. Ra5 Be8+ 38. Kh7 Ke7 39.
Rxa7+ Kf6 40. Ra6 Bxh5 41. Rxe6+ 1/2-1/2

[Event "5. Aberto Vila de Marín"]
[Site "Marin ESP"]
[Date "2005.08.27"]
[Round "7.1"]
[White "Garcia Castro, Pablo"]
[Black "Hernandez, Holden"]
[Result "0-1"]
[WhiteElo "2377"]
[BlackElo "2458"]
[PlyCount "94"]
[EventDate "2005.08.21"]
[EventType "swiss"]
[EventRounds "9"]
[EventCountry "ESP"]
[Source "lmi"]
[SourceDate "2005.08.30"]

1. e4 e5 2. d4 exd4 3. Nf3 Nc6 4. Bc4 Nf6 5. e5 d5 6. Bb5 Nd7 7. O-O Be7 8. Re1
O-O 9. Nbd2 a6 10. Bxc6 bxc6 11. Nxd4 Nb8 12. N2f3 c5 13. Nb3 c4 14. Nbd4 c5
15. Ne2 d4 16. Nf4 Be6 17. Qe2 Qd7 18. Nd2 c3 19. bxc3 dxc3 20. Nc4 Bxc4 21.
Qxc4 Nc6 22. Nd5 Rfd8 23. Nxe7+ Nxe7 24. Bg5 h6 25. e6 fxe6 26. Rxe6 Nd5 27.
Re5 hxg5 28. Rd1 Qb5 29. Qg4 Nf6 30. Qe6+ Kh8 31. Qh3+ Nh7 32. Rde1 Qb2 33.
Rxc5 Qxc2 34. Rxc3 Qxa2 35. Qf5 Qd5 36. Qg6 Rd6 37. Qc2 Nf6 38. Rc7 Qd3 39. Qc1
Nd5 40. Rd1 Qf5 41. Rc5 Rad8 42. Re1 Qf6 43. g3 Rf8 44. Rf1 g4 45. Rc8 Qf5 46.
Rc5 Qf3 47. Qg5 Nc3 0-1

[Event "5. Aberto Vila de Marín"]
[Site "Marin ESP"]
[Date "2005.08.27"]
[Round "7.2"]
[White "Danilov, Vladimir"]
[Black "Petkov, Vladimir"]
[Result "1/2-1/2"]
[WhiteElo "2353"]
[BlackElo "2475"]
[PlyCount "182"]
[EventDate "2005.08.21"]
[EventType "swiss"]
[EventRounds "9"]
[EventCountry "ESP"]
[Source "lmi"]
[SourceDate "2005.08.30"]

1. d4 Nf6 2. c4 e6 3. Nf3 Bb4+ 4. Nbd2 O-O 5. Qc2 d5 6. a3 Be7 7. g3 b6 8. Bg2
Bb7 9. O-O c5 10. cxd5 exd5 11. dxc5 bxc5 12. Re1 Nbd7 13. e4 Nxe4 14. Nxe4
dxe4 15. Nd2 Nf6 16. Nxe4 Nxe4 17. Bxe4 Bxe4 18. Rxe4 Bf6 19. Be3 Qd5 20. Rb1
Rab8 21. Bxc5 Rfc8 22. b4 a5 23. Rd1 Qc6 24. Qe2 h6 25. Rd6 Qb5 26. Qxb5 Rxb5
27. Rd7 Bc3 28. Ree7 axb4 29. axb4 Bxb4 30. Bxb4 Rxb4 31. Rxf7 Rg4 32. h3 Rg6
33. Kg2 Rc2 34. h4 Rc5 35. Ra7 h5 36. Kh3 Rb5 37. Kg2 Rc5 38. Rf4 Rd6 39. Ra8+
Kh7 40. Rf7 Rb6 41. Raa7 Rg6 42. Ra3 Rd6 43. Re3 Rb5 44. Kf3 Ra6 45. Re8 Rc6
46. Kg2 Ra6 47. Rff8 Rc6 48. Kh3 Rd5 49. f4 Rf6 50. Rh8+ Kg6 51. Re3 Rc6 52. g4
hxg4+ 53. Kxg4 Kf7 54. h5 Rd1 55. Ree8 Rg1+ 56. Kf3 g5 57. Ref8+ Ke7 58. Re8+
Kf7 59. Rhf8+ Kg7 60. Rg8+ Kf7 61. Ref8+ Ke7 62. Ra8 Rf1+ 63. Kg2 Rxf4 64. Ra7+
Ke6 65. Rxg5 Rf6 66. Ra4 Rc2+ 67. Kg3 Rc3+ 68. Kg4 Rc1 69. Rb5 Rg1+ 70. Kh3
Rgf1 71. Rb7 Rh1+ 72. Kg2 Rff1 73. Ra6+ Kd5 74. Rb5+ Kc4 75. Re5 Rhg1+ 76. Kh2
Rh1+ 77. Kg3 Rhg1+ 78. Kh4 Rf4+ 79. Kh3 Rf3+ 80. Kh2 Rfg3 81. Re2 Rg5 82. Rea2
R5g4 83. R2a4+ Kd5 84. Rxg4 Rxg4 85. Kh3 Rg1 86. Kh2 Rg4 87. Kh3 Rg1 88. Kh4
Ke5 89. Rg6 Rxg6 90. hxg6 Kf6 91. g7 Kxg7 1/2-1/2

[Event "5. Aberto Vila de Marín"]
[Site "Marin ESP"]
[Date "2005.08.27"]
[Round "7.3"]
[White "Nanu, Ciprian"]
[Black "Manolache, Marius"]
[Result "1/2-1/2"]
[WhiteElo "2434"]
[BlackElo "2462"]
[PlyCount "56"]
[EventDate "2005.08.21"]
[EventType "swiss"]
[EventRounds "9"]
[EventCountry "ESP"]
[Source "lmi"]
[SourceDate "2005.08.30"]

1. e4 d6 2. d4 g6 3. Nc3 c6 4. Nf3 Nf6 5. a4 Bg7 6. Be2 a5 7. O-O O-O 8. Be3
Na6 9. Nd2 e5 10. dxe5 dxe5 11. Nc4 Nb4 12. Rc1 Qe7 13. Nb6 Rb8 14. Nxc8 Rfxc8
15. f3 Nd7 16. Qd2 Rd8 17. Bc4 Bf6 18. Qf2 Bg5 19. Bxg5 Qxg5 20. Rcd1 Qe7 21.
Rd2 Nc5 22. Rfd1 b6 23. b3 Rxd2 24. Qxd2 Rb7 25. Ne2 Rd7 26. Qc1 Kg7 27. c3
Nbd3 28. Qb1 Qg5 1/2-1/2